000 00312nam a2200121Ia 4500
008 221030s9999 xx 000 0 und d
041 _aEnglish
100 _aH KRUGLAK
245 0 _aSchaum`s Basic Mathematics with Application to Science & Technology
_cby H KRUGLAK
260 _c0
650 _aMc
942 _cBK
999 _c14483
_d14483